|
|
|
|
| LEADER |
00716nam a22002172a 4500 |
| 001 |
000062717 |
| 003 |
CZ BrMZK |
| 005 |
20101104112243.0 |
| 008 |
950407s1983 xr f cze d |
| 040 |
|
|
|a BOA001
|b cze
|
| 100 |
1 |
|
|a Bláha, Ivan
|
| 245 |
1 |
0 |
|a Zvuková dramaturgie filmu /
|c Ivo Bláha
|
| 250 |
|
|
|a 1. vyd.
|
| 260 |
|
|
|a Praha :
|b SPN,
|c 1983
|
| 300 |
|
|
|a 70 s.
|
| 550 |
|
|
|a Vydavatel: Akademie múzických umění v Praze
|
| 710 |
2 |
|
|a Akademie múzických umění v Praze
|7 kn20010709005
|
| 910 |
|
|
|a BOA001
|b PK-0095.932
|
| 964 |
|
|
|a Filmy - zvuk - dramaturgie - učebnice - školy vysoké
|
| 990 |
|
|
|a BK
|
| 996 |
7 |
|
|b 3119972139
|c PK-0095.932
|l MZK
|r Sklad / do 1 hodiny
|n 11
|w 000062717
|u 000010
|a 1
|e BOA001
|j MZK50
|s A
|